000
00459nam a2200157Ia 4500
008
090123s9999 xx 000 0 und d
082
_b
40978
245
_a
रम्य ते बालपण
250
_a
2
260
_b
डायमंड पब्लिकेशन
_c
2007
300
_a
136
630
_a
रम्य ते बालपण
700
_a
किणीकर रॉय
730
_a
रम्य ते बालपण
942
_c
BOOK
999
_c
79051
_d
79051